Создание нового материала для высокоэффективного терморегулирования в электронных системах; Научная сессия ТУСУР; Ч. 1
| Parent link: | Научная сессия ТУСУР: сборник избранных статей научной сессии ТУСУРа по материалам Международной научно-технической конференции студентов, аспирантов и молодых ученых, 22-24 мая 2019 г., г. Томск/ Томский государственный университет систем управления и радиоэлектроники (ТУСУР).— , 2019 Ч. 1.— 2019.— [С. 184-186] |
|---|---|
| Príomhchruthaitheoir: | |
| Údar corparáideach: | |
| Rannpháirtithe: | |
| Achoimre: | Заглавие с экрана Показана возможность получения композиционного объёмного материала на основе порошков молибдена и меди искровым плазменным методом. Использовались коммерческий порошок молибдена и порошок меди, синтезируемый посредством импульсного сильноточного коаксиального магнитоплазменного ускорителя. Рентгенофазовый анализ показал наличие кристаллических фаз молибдена Mo, меди Cu, а также оксида молибдена MoO2 и карбида молибдена Mo2C. Измерения теплопроводности показали, что при температуре, принятой за оптимальную, композит имеет наибольшую теплопроводность, равную 132,7 Вт/м•°C. |
| Teanga: | Rúisis |
| Foilsithe / Cruthaithe: |
2019
|
| Ábhair: | |
| Rochtain ar líne: | https://www.elibrary.ru/item.asp?id=40556202 |
| Formáid: | MixedMaterials Leictreonach Caibidil leabhair |
| KOHA link: | https://koha.lib.tpu.ru/cgi-bin/koha/opac-detail.pl?biblionumber=664244 |
MARC
| LEADER | 00000naa0a2200000 4500 | ||
|---|---|---|---|
| 001 | 664244 | ||
| 005 | 20250814113555.0 | ||
| 035 | |a (RuTPU)RU\TPU\network\35428 | ||
| 090 | |a 664244 | ||
| 100 | |a 20210402d2019 k y0rusy50 ca | ||
| 101 | 0 | |a rus | |
| 102 | |a RU | ||
| 135 | |a drcn ---uucaa | ||
| 181 | 0 | |a i | |
| 182 | 0 | |a b | |
| 200 | 1 | |a Создание нового материала для высокоэффективного терморегулирования в электронных системах |f Ю. Н. Вымпина, Ю. Л. Шаненкова | |
| 203 | |a Текст |c электронный | ||
| 300 | |a Заглавие с экрана | ||
| 320 | |a [Библиогр.: 5 назв.] | ||
| 330 | |a Показана возможность получения композиционного объёмного материала на основе порошков молибдена и меди искровым плазменным методом. Использовались коммерческий порошок молибдена и порошок меди, синтезируемый посредством импульсного сильноточного коаксиального магнитоплазменного ускорителя. Рентгенофазовый анализ показал наличие кристаллических фаз молибдена Mo, меди Cu, а также оксида молибдена MoO2 и карбида молибдена Mo2C. Измерения теплопроводности показали, что при температуре, принятой за оптимальную, композит имеет наибольшую теплопроводность, равную 132,7 Вт/м•°C. | ||
| 461 | |t Научная сессия ТУСУР |o сборник избранных статей научной сессии ТУСУРа по материалам Международной научно-технической конференции студентов, аспирантов и молодых ученых, 22-24 мая 2019 г., г. Томск |o в 2 ч. |f Томский государственный университет систем управления и радиоэлектроники (ТУСУР) |d 2019 | ||
| 463 | |t Ч. 1 |v [С. 184-186] |d 2019 | ||
| 610 | 1 | |a труды учёных ТПУ | |
| 610 | 1 | |a электронный ресурс | |
| 610 | 1 | |a медь | |
| 610 | 1 | |a молибден | |
| 610 | 1 | |a композиты | |
| 610 | 1 | |a искровое плазменное спекание | |
| 700 | 1 | |a Вымпина |b Ю. Н. |c специалист в области электроэнергетики и электротехники |c инженер Томского политехнического университета |f 1993- |g Юлия Николаевна |3 (RuTPU)RU\TPU\pers\45958 |9 22024 | |
| 701 | 1 | |a Шаненкова |b Ю. Л. |c специалист в области электроэнергетики |c доцент Томского политехнического университета, кандидат технических наук |f 1991- |g Юлия Леонидовна |3 (RuTPU)RU\TPU\pers\34117 |9 17657 | |
| 712 | 0 | 2 | |a Национальный исследовательский Томский политехнический университет |b Инженерная школа энергетики |b Отделение электроэнергетики и электротехники |3 (RuTPU)RU\TPU\col\23505 |
| 801 | 2 | |a RU |b 63413507 |c 20220505 |g RCR | |
| 856 | 4 | |u https://www.elibrary.ru/item.asp?id=40556202 | |
| 942 | |c CF | ||